000 00500nam a22001697a 4500
999 _c3387
_d3387
003 GBCCL
005 20241126110453.0
008 171127b xxu||||| |||| 00| 0 eng d
040 _cgbc
082 _a221.61
_bROB
100 _aRobinson, H. Wheeler
_96909
245 _aThe Old Testament:
_bIts making and meaning /
_cH. Wheeler Robinson
260 _aLondon:
_bUniversity of London Press,
_c1937
300 _a248p.;
_c18 cm.
650 _aBible
_vOld Testament
_xIntroduction
_96857
942 _2ddc
_cBK
_02